Maailma pealinnad - Statistics

General Stats
  • This quiz has been taken 39 times
  • The average score is 44 of 196
Answer Stats
Riik Pealinn % Correct
Ameerika Ühendriigid Washington
82%
Soome Helsingi
71%
Hispaania Madrid
71%
Norra Oslo
71%
Läti Riia
71%
Rootsi Stockholm
71%
Eesti Tallinn
71%
Saksamaa Berliin
65%
Prantsusmaa Pariis
65%
Itaalia Rooma
65%
Jaapan Tokyo
65%
Leedu Vilnius
65%
Kreeka Ateena
59%
Rumeenia Bukarest
59%
Austraalia Canberra
59%
Afganistan Kabul
59%
Egiptus Kairo
59%
Ühendkuningriik London
59%
Hiina Peking
59%
Albaania Tirana
59%
Poola Varssavi
59%
Madalmaad Amsterdam
53%
Iirimaa Dublin
53%
Taani Kopenhaagen
53%
Portugal Lissabon
53%
Monaco Monaco
53%
Venemaa Moskva
53%
Island Reykjavík
53%
Vatikan Vatikan
53%
Austria Viin
53%
Horvaatia Zagreb
53%
Türgi Ankara
47%
Brasiilia Brasília
47%
Belgia Brüssel
47%
Ukraina Kiiev
47%
Peruu Lima
47%
India New Delhi
47%
Kanada Ottawa
47%
Alžeeria Alžiir
41%
Andorra Andorra la Vella
41%
Šveits Bern
41%
Moldova Chișinău
41%
Iisrael Jeruusalemm
41%
Luksemburg Luxembourg
41%
Mehhiko México
41%
Tšehhi Praha
41%
Maroko Rabat
41%
San Marino San Marino
41%
Lõuna-Korea Seoul
41%
Bulgaaria Sofia
41%
Iraan Teheran
41%
Uus-Meremaa Wellington
41%
Araabia Ühendemiraadid Abu Dhabi
35%
Kasahstan Astana
35%
Iraak Bagdad
35%
Tai Bangkok
35%
Serbia Belgrad
35%
Slovakkia Bratislava
35%
Ungari Budapest
35%
Argentina Buenos Aires
35%
Bangladesh Dhaka
35%
Kuuba Havanna
35%
Pakistan Islamabad
35%
Valgevene Minsk
35%
Montenegro Podgorica
35%
Bosnia ja Hertsegoviina Sarajevo
35%
Indoneesia Jakarta
29%
Sloveenia Ljubljana
29%
Tšiili Santiago
29%
Põhja-Makedoonia Skopje
29%
Mongoolia Ulaanbaatar
29%
Etioopia Addis Abeba
24%
Saudi Araabia Ar-Riyāḑ
24%
Vietnam Hanoi
24%
Nepal Katmandu
24%
Malaisia Kuala Lumpur
24%
Filipiinid Manila
24%
Küpros Nikosia
24%
Panama Panamá
24%
Põhja-Korea Pyongyang
24%
Singapur Singapur
24%
Aserbaidžaan Bakuu
18%
Kõrgõzstan Biškek
18%
Venezuela Caracas
18%
Katar Doha
18%
Zimbabwe Harare
18%
Armeenia Jerevan
18%
Kosovo Priština
18%
Fidži Suva
18%
Usbekistan Taškent
18%
Gruusia Thbilisi
18%
Tuneesia Tunis
18%
Liechtenstein Vaduz
18%
Malta Valletta
18%
Kuveit Al-Kuwayt
12%
Madagaskar Antananarivo
12%
Liibanon Beirut
12%
Colombia Bogotá
12%
Süüria Damaskus
12%
Tadžikistan Dušanbe
12%
Guatemala Guatemala
12%
Kongo Demokraatlik Vabariik Kinshasa
12%
Boliivia La Paz / Sucre
12%
Angola Luanda
12%
Uruguay Montevideo
12%
Keenia Nairobi
12%
Kambodža Phnom Penh
12%
Lõuna-Aafrika Pretoria / Cape Town / Bloemfontein
12%
Ecuador Quito
12%
El Salvador San Salvador
12%
Liibüa Tripoli
12%
Nigeeria Abuja
6%
Ghana Accra
6%
Jordaania Amman
6%
Samoa Apia
6%
Türkmenistan Aşgabat
6%
Eritrea Asmara
6%
Mali Bamako
6%
Brunei Bandar Seri Begawan
6%
Kesk-Aafrika Vabariik Bangui
6%
Gambia Banjul
6%
Belize Belmopan
6%
Guinea-Bissau Bissau
6%
Kongo Vabariik Brazzaville
6%
Barbados Bridgetown
6%
Guinea Conakry
6%
Ida-Timor Dili
6%
Djibouti Djibouti
6%
Tansaania Dodoma
6%
Tuvalu Funafuti
6%
Botswana Gaborone
6%
Guyana Georgetown
6%
Burundi Gitega
6%
Jamaica Kingston
6%
Gabon Libreville
6%
Togo Lomé
6%
Sambia Lusaka
6%
Ekvatoriaal-Guinea Malabo
6%
Nicaragua Managua
6%
Bahrein Manama
6%
Mosambiik Maputo
6%
Lesotho Maseru
6%
Svaasimaa Mbabane
6%
Libeeria Monrovia
6%
Komoorid Moroni
6%
Bahama Nassau
6%
Myanmar Naypyidaw
6%
Belau Ngerulmud
6%
Niger Niamey
6%
Burkina Faso Ouagadougou
6%
Haiti Port-au-Prince
6%
Paapua Uus-Guinea Port Moresby
6%
Benin Porto-Novo / Cotonou
6%
Vanuatu Port Vila
6%
Roheneemesaared Praia
6%
Dominica Roseau
6%
Grenada Saint George's
6%
Antigua ja Barbuda Saint John's
6%
Jeemen Sana'a
6%
Costa Rica San José
6%
Dominikaani Vabariik Santo Domingo
6%
São Tomé ja Príncipe São Tomé
6%
Honduras Tegucigalpa
6%
Bhutan Thimphu
6%
Laos Vientiane
6%
Namiibia Windhoek
6%
Elevandiluurannik Yamoussoukro
6%
Kamerun Yaoundé
6%
Paraguay Asunción
0%
Saint Kitts ja Nevis Basseterre
0%
Saint Lucia Castries
0%
Senegal Dakar
0%
Sierra Leone Freetown
0%
Saalomoni Saared Honiara
0%
Lõuna-Sudaan Juba
0%
Uganda Kampala
0%
Sudaan Khartoum
0%
Rwanda Kigali
0%
Saint Vincent ja Grenadiinid Kingstown
0%
Malawi Lilongwe
0%
Marshalli Saared Majuro
0%
Maldiivid Malé
0%
Omaan Masqaţ
0%
Somaalia Mogadishu
0%
Tšaad N'Djamena
0%
Mauritaania Nouakchott
0%
Tonga Nukuʻalofa
0%
Mikroneesia Liiduriigid Palikir
0%
Suriname Paramaribo
0%
Mauritius Port Louis
0%
Trinidad ja Tobago Port-of-Spain
0%
Kiribati South Tarawa
0%
Sri Lanka Sri Jayawardenepura Kotte
0%
Taiwan Taipei
0%
Seišellid Victoria
0%
Nauru Yaren
0%
No matching quizzes found
Score Distribution
Percent of People with Each Score
Percentile by Number Answered
Your Score History
You have not taken this quiz